000 00243nam a22000857a 4500
008 160805b xxu||||| |||| 00| 0 eng d
100 _935
_aSharma N.K
245 _aComprehensive CCE question bank in Science-X
260 _aBangalore
_bLaxmi Publication
999 _c2686
_d2686